| 000 | 00624nam a2200181 a 4500 | ||
|---|---|---|---|
| 001 | 000037178 | ||
| 005 | 20200930080206.0 | ||
| 008 | 120224s1989 sp 000 0 spa d | ||
| 020 | _a8475334725 | ||
| 040 |
_aDO-SdBNP _bspa _cBNPHU |
||
| 082 |
_axxx _bE18i |
||
| 100 | 1 |
_aEcheverría Ezponda, Javier, _d1948- _963588 |
|
| 245 | 1 | 0 |
_aIntroducción a la metodología de la ciencia : _bLa filosofía de la ciencia en el siglo XX / _cJavier Echeverría. |
| 260 |
_aBarcelona, España : _bBarcanova, _c1989. |
||
| 300 |
_aix, 322 p. : _bdiagrs. ; _c22 cm. |
||
| 490 | 1 | _aTemas universitarios | |
| 830 | 0 |
_aTemas universitarios _963589 |
|
| 999 |
_c36668 _d36668 |
||